|
|
|
|
| LEADER |
00000naa a2200000uu 4500 |
| 001 |
vtls011089984 |
| 003 |
SK-MaSNL |
| 005 |
20260302110022.0 |
| 008 |
210905|1996 xo |||||||||||||||||slo| |
| 015 |
|
|
|a SNBRA
|
| 035 |
|
|
|a (urnnbn)urn:nbn:sk:snk:ar-a0cplx
|
| 035 |
|
|
|a (uuid)8037a76e-4d1a-4e7c-bfd0-c89a08361264
|
| 035 |
|
|
|a urn:nbn:sk:snk-aavvdd
|
| 040 |
|
|
|a SNKBUCL
|b slo
|c SNKBUCL
|e AACR2
|
| 041 |
0 |
|
|a slo
|
| 044 |
|
|
|a xo
|c SK
|
| 100 |
1 |
|
|a Pliešovská, Natália,
|d 1934-
|4 aut
|9 7945
|
| 245 |
1 |
0 |
|a ŠTÚDIUM ŠPECIÁCIE ŤAŽKÝCH KOVOV V SEDIMENTOCH
|c N. Pliešovská, E. Ershova, E. Nosal, E. Sedych, L. Bannych
|
| 246 |
3 |
|
|a STUDIES OF HEAVY METALS SPECIATION IN SEDIMENTS
|
| 700 |
1 |
|
|a Ershova, E.
|4 aut
|9 785500
|
| 700 |
1 |
|
|a Nosal, E.
|4 aut
|9 785501
|
| 700 |
1 |
|
|a Sedych, E.
|4 aut
|9 785502
|
| 700 |
1 |
|
|a Bannych, L.
|4 aut
|9 785503
|
| 773 |
0 |
|
|t 13. seminár atómovej spektrochémie
|d Košice : Štroffek pre Slovenskú spektroskopickú spoločnosť, 1996
|g S. 130-140
|z 8096732579
|
| 958 |
|
|
|a OND
|
| 958 |
|
|
|a article12
|
| 958 |
|
|
|a chapter
|
| 999 |
|
|
|c 1241326
|d 1243256
|